| 000 | 02381cam a22005294i 4500 | ||
|---|---|---|---|
| 003 | PE-LiUPU | ||
| 005 | 20250731180140.0 | ||
| 008 | 150706s1979 sp r 000 0 spa d | ||
| 020 | _a8429150048 | ||
| 035 | _a(Sirsi) i9788429150049 | ||
| 040 |
_aPE-LiUPU _bspa _cPE-LiUPU _erda |
||
| 049 | _aPRUA | ||
| 082 | 0 | 4 |
_a517 _bA62 _221 |
| 100 | 1 |
_aApostol, Tom M., _eautor. |
|
| 245 | 1 | 0 |
_aAnálisis matemático / _c[por] Tom M. Apostol. ; [versión del inglés por José Plá Carrera ; revisado por Enrique Linés Escardó]. |
| 250 | _aSegunda edición. | ||
| 264 | 1 |
_aBarcelona : _bReverté, D.L., _c1976. |
|
| 300 |
_a596 páginas ; _c22 centímetros |
||
| 336 |
_atext _2rdacontent |
||
| 337 |
_aunmediated _2rdamedia |
||
| 338 |
_avolume _2rdacarrier |
||
| 505 | 0 | _aEl sistema de los números reales y el de los complejos -- Algunas nociones básicas de la teoría de conjuntos -- Elementos de topología en conjuntos de puntos -- Límites y continuidad -- Derivadas -- Funciones de variación acotada y curvas rectificables -- La integral de riemann-stieltjes -- Series infinitas y productos infinitos -- Sucesiones de funciones -- La integral de Lebesgue -- Series de Fourier e integrales de Fourier -- Cálculo diferencial de varias variables -- Funciones implícitas y problemas -- de extremos -- Integrales múltiples de Reimann -- Integrales de Lebesgue múltiples -- Teorema de Cauchy. | |
| 526 | _aSEG44 | ||
| 526 | _aSEG26 | ||
| 526 | _aP159 | ||
| 526 | _aP155 | ||
| 526 | _aP154 | ||
| 526 | _aP153 | ||
| 526 | _aP150 | ||
| 526 | _aP100 | ||
| 526 | _aP31 | ||
| 526 | _aP30 | ||
| 526 | _aP26 | ||
| 526 | _aP25 | ||
| 526 | _aP24 | ||
| 526 | _aP22 | ||
| 526 | _aP15 | ||
| 526 | _aP10 | ||
| 541 | _g003-001055; | ||
| 650 | 1 | 4 |
_aAnálisis matemático _vTratados, manuales, etc. |
| 910 | _agl20090805 | ||
| 942 |
_2ddc _cBOOK |
||
| 949 |
_a517 A62 _wDEWEY _c1 _i59868 _lCCODEBUL1 _mBUL _p70.00 _r0 _sY _tBOOK _u2015-7-6 _xINGENIERIA _PP27 _0COMPRA _o.STAFF. Colección General |
||
| 994 |
_aC0 _bPEPRU |
||
| 596 | _a1 | ||
| 999 |
_a517 A62 _wDEWEY _c49400 _i59868 _d49400 _e2018-11-20 _f2021-11-5 _g7 _lCCODEBUL1 _mBUL _n5 _p70.00 _q1 _r0 _sN _tBOOK _u2015-7-6 _xBIBLIOTECA _PP27 _0COMPRA _o.STAFF. Colección Ingeniería y Arquitectura |
||
| 980 |
_81 _gALBERTO SANCHEZ Responsable de Automatización |
||